| 000 | 01361nam a2200241 a 4500 | ||
|---|---|---|---|
| 001 | 000048631 | ||
| 005 | 20250205124808.0 | ||
| 008 | 190403s2014 dr 001 0 spa d | ||
| 020 | _a9789945481655 | ||
| 040 |
_aDO-SdBNP _bspa _cBNPHU |
||
| 082 |
_axx _bxx |
||
| 100 | 1 |
_aAquino Rodríguez, José Ángel _912222 |
|
| 245 | 1 | 0 |
_aElecciones primarias : _bla lucha por la nominación presidencial en la República Dominicana / _cJosé Ángel Aquino R. ;editora Nurys Paulino ; prólogo Wilfredo Lozano. |
| 260 |
_aSanto Domingo : _bCentenario, _c2014. |
||
| 300 |
_a284 p. ; _c26 cm. |
||
| 500 | _aIncluye datos biográficos del autor en la solapa de la cubierta | ||
| 500 | _aIncluye índices | ||
| 504 | _aBibliografía p. 261-264 | ||
| 505 |
_aPrólogo -- _tIntroducción -- _tPartidos políticos y elecciones primarias -- _tRepública Dominicana : De las convenciones de delegados a las elecciones primarias -- _tElecciones primarias en el proceso electoral 2004 -- _teElecciones primarias en el proceso electoral 2008 -- _tElecciones primarias en el proceso electoral 2012 -- _tElecciones primarias presidenciales : balance y perspectivas -- _tReferencias bibliográficas -- _tÍndices de tablas y gráficos -- _tÍndice nomástico. |
||
| 590 | _aInventariado, 2019/VM | ||
| 700 | 1 |
_aPaulino Nurys _eed. _922136 |
|
| 700 | 1 |
_aLozano, Wilfredo _d1950- _epról. _97126 |
|
| 999 |
_c48119 _d48119 |
||